00502 2200181 4500001002100000005001500021035002000036245006600056100001900122250001700141300003200158700001900190260003500209082001000244084001600254020002200270650002800292INLIS00000000000077620241029084613 a0010-10240000691 aKamus Pelajar :bMatematika /cDiah Rahmanita, Pipit Pitriana0 aDiah Rahmanita aCetakan ke-1 aiv, 20 hlm :bIlus ;c30 cm0 aPipit Pitriana aJakarta :bGaneca exact,c2007 a510.3 a510.3 DIA k a978-979-571-501-6 4aEnsiklopedia Matematika